Charakteristika samosprávnych krajov Slovenska na báze využitia liečivých a termálnych vôd na rekreačné účely

Charakteristika jednotlivých samosprávnych krajov Slovenska, najmä ich rekreačného potenciálu, so zameraním na využívanie liečivých a termálnych vôd ako zdroja rekreácie a oddychu.

Salvato in:
Dettagli Bibliografici
Autore principale: Mrkvová, Katarína
Natura: Capitolo di libro
Lingua:slovacco
Soggetti:
Tags: Aggiungi Tag
Nessun Tag, puoi essere il primo ad aggiungerne!!

MARC

LEADER 00000naa a2200000 4500
001 0172133
005 20240502072942.9
041 0 |a slo 
044 |a SK 
245 1 0 |a Charakteristika samosprávnych krajov Slovenska na báze využitia liečivých a termálnych vôd na rekreačné účely  |c Katarína Mrkvová 
520 |a Charakteristika jednotlivých samosprávnych krajov Slovenska, najmä ich rekreačného potenciálu, so zameraním na využívanie liečivých a termálnych vôd ako zdroja rekreácie a oddychu. 
610 2 0 |a kúpele 
610 2 0 |a kúpeľníctvo 
610 2 0 |a voda termálna 
610 2 0 |a liečenie kúpeľné 
610 2 0 |a oddych 
610 2 0 |a samospráva 
610 2 0 |a kraje 
610 2 0 |a Slovensko 
100 1 |a Mrkvová, Katarína